Whole body motion planning for humanoid robots (Record no. 13638)
[ view plain ]
| 000 -LEADER | |
|---|---|
| fixed length control field | 00568nam a22001817a 4500 |
| 082 ## - DEWEY DECIMAL CLASSIFICATION NUMBER | |
| Classification number | BEE-4 ATH |
| 100 ## - MAIN ENTRY--PERSONAL NAME | |
| Personal name | Ali Athar |
| 9 (RLIN) | 70312 |
| 245 ## - TITLE STATEMENT | |
| Title | Whole body motion planning for humanoid robots |
| 260 ## - PUBLICATION, DISTRIBUTION, ETC. | |
| Place of publication, distribution, etc. | Islamabad |
| Name of publisher, distributor, etc. | NUST-SEECS |
| Date of publication, distribution, etc. | 2016 |
| 300 ## - PHYSICAL DESCRIPTION | |
| Extent | 34p. |
| Other physical details | 27cm. |
| Accompanying material | CD Includes |
| 500 ## - GENERAL NOTE | |
| General note | Supervisors: Dr. Yasar Ayaz, Fahad Islam, Dr. Osman Hassan |
| 563 ## - BINDING INFORMATION | |
| Binding note | HB |
| 700 ## - ADDED ENTRY--PERSONAL NAME | |
| Personal name | Abdul Moeed Zafar |
| 9 (RLIN) | 93451 |
| 700 ## - ADDED ENTRY--PERSONAL NAME | |
| Personal name | Rizwan Asif |
| 9 (RLIN) | 93452 |
| 700 ## - ADDED ENTRY--PERSONAL NAME | |
| Personal name | ARmaghan Ahmad Khan |
| 9 (RLIN) | 93453 |
| 856 ## - ELECTRONIC LOCATION AND ACCESS | |
| Uniform Resource Identifier | <a href=" http://10.250.8.41:8080/xmlui/handle/123456789/9798"> http://10.250.8.41:8080/xmlui/handle/123456789/9798</a> |
| 942 ## - ADDED ENTRY ELEMENTS (KOHA) | |
| Koha item type | Project Report |
| Source of classification or shelving scheme | |
| Withdrawn status | Lost status | Source of classification or shelving scheme | Damaged status | Not for loan | Permanent Location | Current Location | Shelving location | Date acquired | Source of acquisition | Full call number | Barcode | Date last seen | Price effective from | Koha item type |
|---|---|---|---|---|---|---|---|---|---|---|---|---|---|---|
| WITHDRAWN | Central Library (CL) | Central Library (CL) | General Stacks | 07/25/2016 | NUST-SEECS | BEE-4 ATH | SEECSP01868 | 07/25/2016 | 07/25/2016 | Project Report | ||||
| WITHDRAWN | Central Library (CL) | Central Library (CL) | Thesis | 06/23/2021 | 621.3 | CL-BP-711 | 06/23/2021 | 06/23/2021 | Thesis |
